000 00613nam a22001937a 4500
005 20150622164252.0
010 _aENG-112993
020 _a9789382420194
_c695.00
035 _aEN-96525
037 _bDBAD/PUB
082 _a954.09
100 _aDasgupta, Arjun
245 _aMethodology of Indian historical writings in modern India (1850-1975) /
_cby Arjun Dasgupta
260 _bKunal Books
_c2013
_aNew Delhi
270 _b New Delhi
_e110002
_a4648/21, First Floor, Ansari Road, Daryaganj,
300 _axvi,188p.
_c23cm(Hb)
500 _aIncludes index
942 _2ddc
_cEN
_mDAS
_h954.09
999 _c93629
_d93629